| 000 | 00363nam a2200157Ia 4500 | ||
|---|---|---|---|
| 008 | 221030s9999 xx 000 0 und d | ||
| 020 | _a8120305299 | ||
| 041 | _aEnglish | ||
| 082 |
_a105.23 _bMar |
||
| 100 | _aJ. Martin | ||
| 245 | 0 | _aNetworks & Distributed Processing | |
| 260 |
_bPHI _aNew Delhi _c2004 |
||
| 300 | _a562 | ||
| 650 | _aComputers | ||
| 942 | _cBK | ||
| 999 |
_c1989 _d1989 |
||